Tentang perdjuangan intern Partai. (Record no. 66178)
[ view plain ]
| 000 -LEADER | |
|---|---|
| fixed length control field | 00710cam a22002531u 4500 |
| 001 - CONTROL NUMBER | |
| control field | sa 65009384 |
| 003 - CONTROL NUMBER IDENTIFIER | |
| control field | DLC |
| 005 - DATE AND TIME OF LATEST TRANSACTION | |
| control field | 20260227112201.0 |
| 008 - FIXED-LENGTH DATA ELEMENTS--GENERAL INFORMATION | |
| fixed length control field | 890315s1964 io c 000 0 ind |
| 010 ## - LIBRARY OF CONGRESS CONTROL NUMBER | |
| LC control number | sa 65009384 |
| 035 ## - SYSTEM CONTROL NUMBER | |
| System control number | (OCoLC)23557095 |
| 040 ## - CATALOGING SOURCE | |
| Original cataloging agency | DLC |
| Transcribing agency | MiU |
| Modifying agency | OAU |
| -- | DLC |
| 041 1# - LANGUAGE CODE | |
| Language code of text/sound track or separate title | ind |
| Language code of original | chi |
| 043 ## - GEOGRAPHIC AREA CODE | |
| Geographic area code | a-io--- |
| 050 00 - LIBRARY OF CONGRESS CALL NUMBER | |
| Classification number | HX389.Z7 |
| Item number | L525 |
| 100 1# - MAIN ENTRY--PERSONAL NAME | |
| Personal name | Liu, Shaoqi, |
| Dates associated with a name | 1898-1969. |
| 245 10 - TITLE STATEMENT | |
| Title | Tentang perdjuangan intern Partai. |
| 260 ## - PUBLICATION, DISTRIBUTION, ETC. | |
| Place of publication, distribution, etc. | Djakarta : |
| Name of publisher, distributor, etc. | Jajasan Pembaruan, |
| Date of publication, distribution, etc. | 1964. |
| 300 ## - PHYSICAL DESCRIPTION | |
| Extent | 96 p. : |
| Other physical details | port. ; |
| Dimensions | 17 cm. |
| 500 ## - GENERAL NOTE | |
| General note | Translated from Chinese. |
| 610 20 - SUBJECT ADDED ENTRY--CORPORATE NAME | |
| Corporate name or jurisdiction name as entry element | Zhongguo gong chan dang |
| General subdivision | Discipline. |
| 650 #0 - SUBJECT ADDED ENTRY--TOPICAL TERM | |
| Topical term or geographic name entry element | Communism |
| Geographic subdivision | China. |
| 987 ## - LOCAL ROMANIZATION/CONVERSION HISTORY (OCLC) | |
| Romanization/conversion identifier | PINYIN |
| Agency that converted, created or reviewed | DLC |
| Date of conversion or review | 20020725 |
| Status code | c |
No items available.